000 00832nam a2200289 4500
003 OSt
005 20260530113907.0
008 260508b |||||||| |||| 00| 0 eng d
020 _a1592531121
040 _aICI
_bspa
_cICI
041 _aeng
050 _aNC1002
_b.L64
100 1 _aGardner, Bill,
_dautor
_932967
245 1 0 _aLogo lounge 2 /
_cCatherine Fishel
264 1 _bRockport Publishers,
_c2005
_aChina :
300 _a191 páginas :
_bilustraciones
336 _atexto
_2rdacontent
337 _asin medio
_2rdamedia
338 _avolumen
_2rdacarrier
650 4 _2Diseño de logotipos
650 4 _aIdentidad corporativa
_932968
650 4 _aDiseño gráfico
_918020
650 4 _aBranding
_932969
650 4 _aComunicación visual
_932970
700 _aFishel, Catharine,
_eautor
_932971
942 _2lcc
_cBK
_n1
999 _c12008
_d12008